KOHA-Header-6

Building Storage Networks (Record no. 9314)

000 -LEADER
fixed length control field 00266nam a2200109Ia 4500
100 ## - MAIN ENTRY--AUTHOR NAME
Personal name Marc Farley
245 #0 - TITLE STATEMENT
Title Building Storage Networks
260 ## - PUBLICATION, DISTRIBUTION, ETC. (IMPRINT)
Place of publication New Delhi
Name of publisher Addison - Wesley
Year of publication 1994
300 ## - PHYSICAL DESCRIPTION
Number of Pages 280
942 ## - ADDED ENTRY ELEMENTS (KOHA)
Koha item type Books
Holdings
Withdrawn status Lost status Collection code Permanent Location Current Location Shelving location Date acquired Full call number Accession Number Koha item type
    Computer Networking MAJU MAJU   2019-09-14 519.5 4902 Computer Networking

Powered by Koha